INTRODUCTION to genetic analysis
Guardat en:
| Format: | Llibre |
|---|---|
| Idioma: | anglès |
| Publicat: |
Freeman Publishers
2005
|
| Etiquetes: |
Afegir etiqueta
Sense etiquetes, Sigues el primer a etiquetar aquest registre!
|
MARC
| LEADER | 00000nam a22000007a 4500 | ||
|---|---|---|---|
| 008 | 210119b ||||| |||| 00| 0 eng d | ||
| 020 | |a 0-7167-4939-4 | ||
| 245 | |a INTRODUCTION to genetic analysis |c J. F. Griffiths |g xvi, 782p.; ill. | ||
| 250 | |b 8TH |c Griffiths, Anthony J. F. | ||
| 260 | |b Freeman Publishers |c 2005 |h New York |i 659088 |l QH430 .In8 |m Genetics. | ||
| 500 | |a “It includes index”. | ||
| 942 | |a lcc |c BK |e O.A.JOHNSON |f 19/01/21 | ||
| 952 | |0 0 |1 0 |2 lcc |4 0 |6 QH0430 I N8 |7 0 |9 1187 |a HOL |b HOL |d 2021-01-19 |l 0 |o QH430 .In8 |p 2021-0008 |r 2021-01-19 00:00:00 |w 2021-01-19 |y BK | ||
| 999 | |c 625 |d 625 | ||